[Event "Silkway Cup"]
[Site "T#646345FIDE"]
[Date "2020.05.28"]
[Round "10"]
[White "Chepaschess"]
[Black "VugarAsadli"]
[Result "1/2-1/2"]
[WhiteElo "2139"]
[BlackElo "2139"]
[PlyCount "68"]
[EventDate "2020.05.28"]
[EventType "swiss (blitz)"]

1. Nf3 {[%emt 0:00:03]} Nf6 {[%emt 0:00:03]} 2. c4 {[%emt 0:00:01]} e6 {[%emt 0:00:13]} 3. d4 {[%emt 0:00:05]} b6 {[%emt 0:00:08]} 4. g3 {[%emt 0:00:02]} c6 {[%emt 0:00:02]} 5. Nc3 {[%emt 0:00:10]} d5 {[%emt 0:00:02]} 6. cxd5 {[%emt 0:00:02]} cxd5 {[%emt 0:00:07]} 7. Bf4 {[%emt 0:00:07]} Be7 {[%emt 0:00:18]} 8. Qa4+ {[%emt 0:00:14]} Bd7 {[%emt 0:00:07]} 9. Qb3 {[%emt 0:00:09]} Nc6 {[%emt 0:00:03]} 10. Bg2 {[%emt 0:00:01]} O-O {[%emt 0:00:01]} 11. O-O {[%emt 0:00:01]} Rc8 {[%emt 0:00:11]} 12. Rfc1 {[%emt 0:00:01]} Na5 {[%emt 0:00:07]} 13. Qd1 {[%emt 0:00:01]} Nc4 {[%emt 0:00:01]} 14. b3 {[%emt 0:00:09]} Na5 {[%emt 0:00:23]} 15. Ne5 {[%emt 0:00:02]} Nc6 {[%emt 0:00:02]} 16. a3 {[%emt 0:00:21]} Nh5 {[%emt 0:00:07]} 17. Be3 {[%emt 0:00:07]} Nf6 {[%emt 0:00:04]} 18. Nxd7 {[%emt 0:00:04]} Qxd7 {[%emt 0:00:01]} 19. Rc2 {[%emt 0:00:18]} Na5 {[%emt 0:00:03]} 20. Qb1 {[%emt 0:00:02]} Rc6 {[%emt 0:00:09]} 21. Qb2 {[%emt 0:00:11]} Rfc8 {[%emt 0:00:02]} 22. Rac1 {[%emt 0:00:05]} Qb7 {[%emt 0:00:21]} 23. Nb1 {[%emt 0:00:07]} Rxc2 {[%emt 0:00:02]} 24. Rxc2 {[%emt 0:00:00]} Rxc2 {[%emt 0:00:01]} 25. Qxc2 {[%emt 0:00:00]} Qc6 {[%emt 0:00:06]} 26. Qxc6 {[%emt 0:00:02]} Nxc6 {[%emt 0:00:00]} 27. f3 {[%emt 0:00:14]} Na5 {[%emt 0:00:05]} 28. b4 {[%emt 0:00:01]} Nc4 {[%emt 0:00:01]} 29. Bc1 {[%emt 0:00:05]} Ne8 {[%emt 0:00:06]} 30. e4 {[%emt 0:00:05]} Bf6 {[%emt 0:00:02]} 31. e5 {[%emt 0:00:05]} Be7 {[%emt 0:00:01]} 32. f4 {[%emt 0:00:05]} Nc7 {[%emt 0:00:01]} 33. Nc3 {[%emt 0:00:03]} f5 {[%emt 0:00:04] VugarAsadli offers a draw} 34. Bf1 {[%emt 0:00:04]} Kf7 {[%emt 0:00:02] Chepaschess offers a draw (Lag: Av=0.65s, max=1.1s)} 1/2-1/2

[Event "Silkway Cup"]
[Site "T#646345FIDE"]
[Date "2020.05.28"]
[Round "10"]
[White "Kranke07"]
[Black "Rasulov Vugar"]
[Result "1/2-1/2"]
[WhiteElo "2060"]
[BlackElo "2350"]
[Annotator "NA"]
[PlyCount "82"]
[EventDate "2020.05.28"]
[EventType "swiss (blitz)"]

1. e4 {[%emt 0:00:01]} c5 {[%emt 0:00:01]} 2. Nf3 {[%emt 0:00:01]} e6 {[%emt 0:00:01]} 3. d4 {[%emt 0:00:01]} cxd4 {[%emt 0:00:00]} 4. Nxd4 {[%emt 0:00:00]} Nc6 {[%emt 0:00:01]} 5. Nc3 {[%emt 0:00:02]} Qc7 {[%emt 0:00:01]} 6. g3 {[%emt 0:00:03]} a6 {[%emt 0:00:02]} 7. Bg2 {[%emt 0:00:01]} h5 {[%emt 0:00:01]} 8. Nxc6 {[%emt 0:00:20]} dxc6 {[%emt 0:00:03]} 9. O-O {[%emt 0:00:02]} h4 {[%emt 0:00:03]} 10. Qe2 {[%emt 0:00:10]} e5 {[%emt 0:00:02]} 11. Be3 {[%emt 0:00:16]} Nf6 {[%emt 0:00:07]} 12. Na4 {[%emt 0:00:18]} hxg3 {[%emt 0:00:28]} 13. fxg3 {[%emt 0:00:15]} Bg4 {[%emt 0:00:08]} 14. Qf2 {[%emt 0:00:05]} Be6 {[%emt 0:00:13]} 15. Bb6 {[%emt 0:00:19]} Qb8 {[%emt 0:00:13]} 16. Rad1 {[%emt 0:00:04]} Be7 {[%emt 0:00:04]} 17. Bf3 {[%emt 0:00:20]} O-O {[%emt 0:00:30]} 18. Nc5 {[%emt 0:00:10]} Bh3 {[%emt 0:00:08]} 19. Bg2 {[%emt 0:00:05]} Qc8 {[%emt 0:00:11]} 20. Rfe1 {[%emt 0:00:25]} Bxg2 {[%emt 0:00:18]} 21. Kxg2 {[%emt 0:00:01]} Re8 {[%emt 0:00:14]} 22. Rd3 {[%emt 0:00:11]} a5 {[%emt 0:00:10]} 23. Qf3 {[%emt 0:00:08]} Bxc5 {[%emt 0:00:17]} 24. Bxc5 {[%emt 0:00:00]} Qe6 {[%emt 0:00:01]} 25. Rd6 {[%emt 0:00:06]} Qc4 {[%emt 0:00:10]} 26. Rxf6 {[%emt 0:00:07]} Qxc5 {[%emt 0:00:01]} 27. Rxf7 {[%emt 0:00:03]} Qxc2+ {[%emt 0:00:14]} 28. Re2 {[%emt 0:00:01]} Qxe2+ {[%emt 0:00:01]} 29. Qxe2 {[%emt 0:00:02]} Kxf7 {[%emt 0:00:00]} 30. h4 {[%emt 0:00:04]} a4 {[%emt 0:00:05]} 31. h5 {[%emt 0:00:01]} Re6 {[%emt 0:00:01]} 32. a3 {[%emt 0:00:02]} Rd8 {[%emt 0:00:02]} 33. Qg4 {[%emt 0:00:16]} Rf6 {[%emt 0:00:04]} 34. Qg5 {[%emt 0:00:02]} Re8 {[%emt 0:00:01]} 35. Qg4 {[%emt 0:00:01] Kranke07 offers a draw} b5 {[%emt 0:00:05]} 36. Qd1 {[%emt 0:00:02]} Ree6 {[%emt 0:00:05]} 37. Qd7+ {[%emt 0:00:01]} Re7 {[%emt 0:00:01]} 38. Qc8 {[%emt 0:00:01] Rasulov Vugar beraberlik teklif ediyor} Re8 {[%emt 0:00:04]} 39. Qd7+ {[%emt 0:00:02]} Re7 {[%emt 0:00:00]} 40. Qc8 {[%emt 0:00:00]} Re8 {[%emt 0:00:01]} 41. Qd7+ {[%emt 0:00:04]} Re7 {[%emt 0:00:01] (Lag: Av=0.58s, max=0.7s)} 1/2-1/2

[Event "Silkway Cup"]
[Site "T#646345FIDE"]
[Date "2020.05.28"]
[Round "10"]
[White "MammadyarovaZ"]
[Black "Nino2014"]
[Result "1/2-1/2"]
[WhiteElo "2007"]
[BlackElo "1749"]
[Annotator "NA"]
[PlyCount "97"]
[EventDate "2020.05.28"]
[EventType "swiss (blitz)"]

1. d4 {[%emt 0:00:05]} d5 {[%emt 0:00:01]} 2. Nf3 {[%emt 0:00:06]} c5 {[%emt 0:00:01]} 3. e3 {[%emt 0:00:01]} Nc6 {[%emt 0:00:02]} 4. Be2 {[%emt 0:00:04]} Nf6 {[%emt 0:00:04]} 5. O-O {[%emt 0:00:01]} Bf5 {[%emt 0:00:05]} 6. a3 {[%emt 0:00:02]} e6 {[%emt 0:00:04]} 7. b3 {[%emt 0:00:02]} cxd4 {[%emt 0:00:02]} 8. exd4 {[%emt 0:00:06]} Bd6 {[%emt 0:00:10]} 9. Bb2 {[%emt 0:00:02]} O-O {[%emt 0:00:01]} 10. Nbd2 {[%emt 0:00:05]} Rc8 {[%emt 0:00:01]} 11. c4 {[%emt 0:00:03]} b6 {[%emt 0:00:06]} 12. Rc1 {[%emt 0:00:04]} Ne4 {[%emt 0:00:02]} 13. cxd5 {[%emt 0:00:06]} exd5 {[%emt 0:00:03]} 14. Ne5 {[%emt 0:00:08]} Nxe5 {[%emt 0:00:15]} 15. Rxc8 {[%emt 0:00:09]} Qxc8 {[%emt 0:00:07]} 16. dxe5 {[%emt 0:00:01]} Be7 {[%emt 0:00:23]} 17. Nxe4 {[%emt 0:00:03]} dxe4 {[%emt 0:00:15]} 18. Bc4 {[%emt 0:00:06]} a6 {[%emt 0:00:22]} 19. a4 {[%emt 0:00:40]} a5 {[%emt 0:00:08]} 20. Qe2 {[%emt 0:00:04]} Rd8 {[%emt 0:00:24]} 21. Rd1 {[%emt 0:00:17]} Bc5 {[%emt 0:00:08]} 22. h3 {[%emt 0:00:25]} Rxd1+ {[%emt 0:00:12]} 23. Qxd1 {[%emt 0:00:01]} e3 {[%emt 0:00:03]} 24. fxe3 {[%emt 0:00:01]} Bxe3+ {[%emt 0:00:00]} 25. Kh1 {[%emt 0:00:02]} Bc5 {[%emt 0:00:05]} 26. Kh2 {[%emt 0:00:04]} h6 {[%emt 0:00:02]} 27. Qf3 {[%emt 0:00:10]} Be6 {[%emt 0:00:04]} 28. Bxe6 {[%emt 0:00:20]} Qxe6 {[%emt 0:00:00]} 29. Qd3 {[%emt 0:00:04]} h5 {[%emt 0:00:04]} 30. Qd8+ {[%emt 0:00:05]} Kh7 {[%emt 0:00:02]} 31. Qd3+ {[%emt 0:00:02]} g6 {[%emt 0:00:02]} 32. Qf3 {[%emt 0:00:10]} Be7 {[%emt 0:00:02]} 33. Qd3 {[%emt 0:00:04]} Bg5 {[%emt 0:00:02]} 34. Qc4 {[%emt 0:00:08]} Qf5 {[%emt 0:00:12]} 35. Qe2 {[%emt 0:00:07]} Bf4+ {[%emt 0:00:03]} 36. g3 {[%emt 0:00:02]} Bg5 {[%emt 0:00:03]} 37. Kg2 {[%emt 0:00:01]} Qe6 {[%emt 0:00:03]} 38. Qf3 {[%emt 0:00:01]} Be7 {[%emt 0:00:03]} 39. h4 {[%emt 0:00:01]} Bc5 {[%emt 0:00:02]} 40. Qd3 {[%emt 0:00:03]} Qg4 {[%emt 0:00:05]} 41. e6 {[%emt 0:00:09]} Qxe6 {[%emt 0:00:02]} 42. Qc3 {[%emt 0:00:01]} Qe4+ {[%emt 0:00:05]} 43. Kh2 {[%emt 0:00:02]} Qe2+ {[%emt 0:00:05]} 44. Kh3 {[%emt 0:00:01]} Qg4+ {[%emt 0:00:01]} 45. Kg2 {[%emt 0:00:01]} Qe2+ {[%emt 0:00:03]} 46. Kh3 {[%emt 0:00:01]} Qe6+ {[%emt 0:00:01]} 47. Kg2 {[%emt 0:00:02]} Qe4+ {[%emt 0:00:05]} 48. Kh2 {[%emt 0:00:04]} Qe2+ {[%emt 0:00:01]} 49. Kh3 {[%emt 0:00:01] (Lag: Av=0.55s, max=0.8s)} 1/2-1/2

[Event "Silkway Cup"]
[Site "T#646345FIDE"]
[Date "2020.05.28"]
[Round "10"]
[White "Gaguna"]
[Black "Misi_95"]
[Result "1/2-1/2"]
[WhiteElo "1921"]
[BlackElo "1892"]
[Annotator "NA"]
[PlyCount "141"]
[EventDate "2020.05.28"]
[EventType "swiss (blitz)"]

1. d4 {[%emt 0:00:01]} Nf6 {[%emt 0:00:02]} 2. c4 {[%emt 0:00:02]} d6 {[%emt 0:00:07]} 3. Nc3 {[%emt 0:00:05]} g6 {[%emt 0:00:01]} 4. Bg5 {[%emt 0:00:04]} Bg7 {[%emt 0:00:01]} 5. e3 {[%emt 0:00:01]} O-O {[%emt 0:00:02]} 6. Nf3 {[%emt 0:00:00]} c5 {[%emt 0:00:10]} 7. d5 {[%emt 0:00:04]} a6 {[%emt 0:00:19]} 8. a4 {[%emt 0:00:04]} Bg4 {[%emt 0:00:06]} 9. Be2 {[%emt 0:00:02]} Nbd7 {[%emt 0:00:02]} 10. O-O {[%emt 0:00:02]} h6 {[%emt 0:00:10]} 11. Bh4 {[%emt 0:00:02]} Ne8 {[%emt 0:00:02]} 12. Qc2 {[%emt 0:00:05]} g5 {[%emt 0:00:22]} 13. Bg3 {[%emt 0:00:03]} f5 {[%emt 0:00:14]} 14. h3 {[%emt 0:00:06]} Bxf3 {[%emt 0:00:02]} 15. Bxf3 {[%emt 0:00:01]} Ne5 {[%emt 0:00:01]} 16. Be2 {[%emt 0:00:02]} f4 {[%emt 0:00:03]} 17. exf4 {[%emt 0:00:05]} gxf4 {[%emt 0:00:00]} 18. Bh2 {[%emt 0:00:11]} Qd7 {[%emt 0:00:16]} 19. f3 {[%emt 0:00:33]} Qf5 {[%emt 0:00:12]} 20. Qxf5 {[%emt 0:00:08]} Rxf5 {[%emt 0:00:00]} 21. Rfe1 {[%emt 0:00:09]} Nf6 {[%emt 0:00:02]} 22. Rad1 {[%emt 0:00:04]} Nh5 {[%emt 0:00:02]} 23. Bd3 {[%emt 0:00:06]} Nxd3 {[%emt 0:00:04]} 24. Rxd3 {[%emt 0:00:02]} Be5 {[%emt 0:00:02]} 25. Re2 {[%emt 0:00:16]} Rff8 {[%emt 0:00:13]} 26. Ne4 {[%emt 0:00:04]} b5 {[%emt 0:00:05]} 27. cxb5 {[%emt 0:00:07]} axb5 {[%emt 0:00:00]} 28. Nxc5 {[%emt 0:00:02]} Rfc8 {[%emt 0:00:11]} 29. Nd7 {[%emt 0:00:02]} Rc1+ {[%emt 0:00:02]} 30. Kf2 {[%emt 0:00:01]} Rxa4 {[%emt 0:00:18]} 31. Nxe5 {[%emt 0:00:03]} Raa1 {[%emt 0:00:02]} 32. g4 {[%emt 0:00:18]} fxg3+ {[%emt 0:00:03]} 33. Bxg3 {[%emt 0:00:02]} Rf1+ {[%emt 0:00:06]} 34. Ke3 {[%emt 0:00:02]} Nxg3 {[%emt 0:00:01]} 35. Rg2 {[%emt 0:00:02]} dxe5 {[%emt 0:00:06]} 36. Rxg3+ {[%emt 0:00:02]} Kf7 {[%emt 0:00:00]} 37. Rb3 {[%emt 0:00:12]} Rae1+ {[%emt 0:00:03]} 38. Kd2 {[%emt 0:00:02]} Rd1+ {[%emt 0:00:01]} 39. Kc3 {[%emt 0:00:08]} Rxd5 {[%emt 0:00:03]} 40. Kb4 {[%emt 0:00:01]} Kf6 {[%emt 0:00:05]} 41. Rg8 {[%emt 0:00:04]} Rh1 {[%emt 0:00:02]} 42. Rf8+ {[%emt 0:00:10]} Ke6 {[%emt 0:00:01]} 43. Rb8 {[%emt 0:00:07]} Rxh3 {[%emt 0:00:02]} 44. Rxb5 {[%emt 0:00:01]} Rxb5+ {[%emt 0:00:02]} 45. Kxb5 {[%emt 0:00:00]} e4 {[%emt 0:00:02]} 46. Re3 {[%emt 0:00:01]} Rxf3 {[%emt 0:00:01]} 47. Rxe4+ {[%emt 0:00:01]} Kf6 {[%emt 0:00:03]} 48. b4 {[%emt 0:00:03]} h5 {[%emt 0:00:07]} 49. Kc6 {[%emt 0:00:03]} Rc3+ {[%emt 0:00:02]} 50. Kb6 {[%emt 0:00:04]} e5 {[%emt 0:00:08]} 51. b5 {[%emt 0:00:01]} Kf5 {[%emt 0:00:03]} 52. Rh4 {[%emt 0:00:01]} Kg5 {[%emt 0:00:02]} 53. Re4 {[%emt 0:00:01]} Kf6 {[%emt 0:00:12]} 54. Rh4 {[%emt 0:00:03]} Kg5 {[%emt 0:00:06]} 55. Re4 {[%emt 0:00:03]} Kf5 {[%emt 0:00:02]} 56. Rh4 {[%emt 0:00:02]} e4 {[%emt 0:00:04]} 57. Rxh5+ {[%emt 0:00:03]} Kf4 {[%emt 0:00:01]} 58. Rh8 {[%emt 0:00:04]} e3 {[%emt 0:00:01]} 59. Rf8+ {[%emt 0:00:06]} Kg3 {[%emt 0:00:01]} 60. Re8 {[%emt 0:00:01]} Kf2 {[%emt 0:00:02]} 61. Rf8+ {[%emt 0:00:05]} Kg2 {[%emt 0:00:02]} 62. Re8 {[%emt 0:00:06]} Kf3 {[%emt 0:00:04]} 63. Rf8+ {[%emt 0:00:01]} Ke4 {[%emt 0:00:02]} 64. Re8+ {[%emt 0:00:02]} Kd3 {[%emt 0:00:01]} 65. Ka7 {[%emt 0:00:07]} Ra3+ {[%emt 0:00:03]} 66. Kb7 {[%emt 0:00:01]} Kd2 {[%emt 0:00:02]} 67. b6 {[%emt 0:00:02]} e2 {[%emt 0:00:00]} 68. Rxe2+ {[%emt 0:00:03]} Kxe2 {[%emt 0:00:00]} 69. Kc7 {[%emt 0:00:01]} Rb3 {[%emt 0:00:01]} 70. b7 {[%emt 0:00:01]} Rxb7+ {[%emt 0:00:00]} 71. Kxb7 {[%emt 0:00:00] (Lag: Av=0.82s, max=2.6s)} 1/2-1/2

[Event "Silkway Cup"]
[Site "T#646345FIDE"]
[Date "2020.05.28"]
[Round "10"]
[White "HasanzadeT"]
[Black "NIKiler"]
[Result "0-1"]
[WhiteElo "1890"]
[BlackElo "1791"]
[Annotator "NA"]
[PlyCount "138"]
[EventDate "2020.05.28"]
[EventType "swiss (blitz)"]

1. e4 {[%emt 0:00:03]} c6 {[%emt 0:00:01]} 2. d4 {[%emt 0:00:02]} d5 {[%emt 0:00:00]} 3. Nc3 {[%emt 0:00:01]} dxe4 {[%emt 0:00:01]} 4. Nxe4 {[%emt 0:00:02]} Bf5 {[%emt 0:00:01]} 5. Ng3 {[%emt 0:00:02]} Bg6 {[%emt 0:00:01]} 6. h4 {[%emt 0:00:01]} h6 {[%emt 0:00:01]} 7. Nf3 {[%emt 0:00:01]} e6 {[%emt 0:00:01]} 8. h5 {[%emt 0:00:05]} Bh7 {[%emt 0:00:01]} 9. Bd3 {[%emt 0:00:05]} Bxd3 {[%emt 0:00:01]} 10. Qxd3 {[%emt 0:00:00]} Nf6 {[%emt 0:00:02]} 11. Bd2 {[%emt 0:00:01]} Bd6 {[%emt 0:00:02]} 12. Ne4 {[%emt 0:00:09]} Nxe4 {[%emt 0:00:02]} 13. Qxe4 {[%emt 0:00:00]} Nd7 {[%emt 0:00:01]} 14. O-O-O {[%emt 0:00:01]} Nf6 {[%emt 0:00:01]} 15. Qe2 {[%emt 0:00:01]} Qc7 {[%emt 0:00:01]} 16. Kb1 {[%emt 0:00:04]} O-O-O {[%emt 0:00:03]} 17. c4 {[%emt 0:00:03]} Rhe8 {[%emt 0:00:01]} 18. Bc3 {[%emt 0:00:02]} c5 {[%emt 0:00:04]} 19. dxc5 {[%emt 0:00:24]} Qxc5 {[%emt 0:00:00]} 20. Bd4 {[%emt 0:00:11]} Qf5+ {[%emt 0:00:07]} 21. Ka1 {[%emt 0:00:06]} Bc5 {[%emt 0:00:13]} 22. Bxc5 {[%emt 0:00:36]} Qxc5 {[%emt 0:00:00]} 23. Ne5 {[%emt 0:00:03]} Qc7 {[%emt 0:00:12]} 24. g4 {[%emt 0:00:15]} a6 {[%emt 0:00:09]} 25. f3 {[%emt 0:00:02]} Rxd1+ {[%emt 0:00:02]} 26. Rxd1 {[%emt 0:00:02]} Rd8 {[%emt 0:00:01]} 27. Rxd8+ {[%emt 0:00:05]} Kxd8 {[%emt 0:00:01]} 28. a3 {[%emt 0:00:08]} Ke7 {[%emt 0:00:04]} 29. Qe3 {[%emt 0:00:11]} Qd6 {[%emt 0:00:27]} 30. Nd3 {[%emt 0:00:07]} Nd7 {[%emt 0:00:06]} 31. Qe4 {[%emt 0:00:11]} a5 {[%emt 0:00:24]} 32. Ka2 {[%emt 0:00:11]} b6 {[%emt 0:00:01]} 33. f4 {[%emt 0:00:05]} Nc5 {[%emt 0:00:05]} 34. Nxc5 {[%emt 0:00:02]} Qxc5 {[%emt 0:00:01]} 35. f5 {[%emt 0:00:08]} e5 {[%emt 0:00:09]} 36. Qb7+ {[%emt 0:00:05]} Kf6 {[%emt 0:00:01]} 37. Qe4 {[%emt 0:00:13]} Kg5 {[%emt 0:00:10]} 38. Kb3 {[%emt 0:00:03]} f6 {[%emt 0:00:21]} 39. Kc3 {[%emt 0:00:04]} Qg1 {[%emt 0:00:03]} 40. b4 {[%emt 0:00:04]} a4 {[%emt 0:00:05]} 41. c5 {[%emt 0:00:03]} bxc5 {[%emt 0:00:04]} 42. b5 {[%emt 0:00:02]} Qc1+ {[%emt 0:00:07]} 43. Kd3 {[%emt 0:00:03]} Qb1+ {[%emt 0:00:04]} 44. Ke3 {[%emt 0:00:02]} Qxb5 {[%emt 0:00:01]} 45. Qd5 {[%emt 0:00:11]} Qf1 {[%emt 0:00:09]} 46. Kd2 {[%emt 0:00:03]} Qf4+ {[%emt 0:00:06]} 47. Ke2 {[%emt 0:00:02]} Qxg4+ {[%emt 0:00:01]} 48. Ke1 {[%emt 0:00:01]} Qg3+ {[%emt 0:00:02]} 49. Ke2 {[%emt 0:00:01]} Qg4+ {[%emt 0:00:01]} 50. Ke1 {[%emt 0:00:01]} Qh4+ {[%emt 0:00:01]} 51. Kf1 {[%emt 0:00:01]} Qh3+ {[%emt 0:00:02]} 52. Kf2 {[%emt 0:00:02]} Qxf5+ {[%emt 0:00:01]} 53. Kg2 {[%emt 0:00:02]} Qg4+ {[%emt 0:00:01]} 54. Kf1 {[%emt 0:00:03]} Qh3+ {[%emt 0:00:01]} 55. Kg1 {[%emt 0:00:02]} Qxh5 {[%emt 0:00:01]} 56. Qxc5 {[%emt 0:00:02]} Qd1+ {[%emt 0:00:02]} 57. Kg2 {[%emt 0:00:02]} Qd2+ {[%emt 0:00:01]} 58. Kf1 {[%emt 0:00:02]} Qd3+ {[%emt 0:00:01]} 59. Kg2 {[%emt 0:00:01]} Qe4+ {[%emt 0:00:01]} 60. Kf1 {[%emt 0:00:01]} h5 {[%emt 0:00:01]} 61. Qf8 {[%emt 0:00:03]} g6 {[%emt 0:00:01]} 62. Qc8 {[%emt 0:00:02]} h4 {[%emt 0:00:01]} 63. Kf2 {[%emt 0:00:02]} Qf4+ {[%emt 0:00:01]} 64. Ke1 {[%emt 0:00:02]} Qg3+ {[%emt 0:00:01]} 65. Kf1 {[%emt 0:00:01]} h3 {[%emt 0:00:01]} 66. Qh8 {[%emt 0:00:08]} h2 {[%emt 0:00:02]} 67. Ke2 {[%emt 0:00:02]} Qg2+ {[%emt 0:00:01]} 68. Ke3 {[%emt 0:00:02]} h1=Q {[%emt 0:00:00]} 69. Qxh1 {[%emt 0:00:03]} Qxh1 {[%emt 0:00:01] TimeW} 0-1

[Event "Silkway Cup"]
[Site "T#646345FIDE"]
[Date "2020.05.28"]
[Round "10"]
[White "Profi013"]
[Black "Gul91"]
[Result "1/2-1/2"]
[WhiteElo "1811"]
[BlackElo "2037"]
[Annotator "NA"]
[PlyCount "138"]
[EventDate "2020.05.28"]
[EventType "swiss (blitz)"]

1. e4 {[%emt 0:00:02]} e6 {[%emt 0:00:03]} 2. d4 {[%emt 0:00:01]} d5 {[%emt 0:00:01]} 3. Nc3 {[%emt 0:00:01]} Bb4 {[%emt 0:00:03]} 4. exd5 {[%emt 0:00:01]} exd5 {[%emt 0:00:02]} 5. Bd3 {[%emt 0:00:00]} Nc6 {[%emt 0:00:04]} 6. a3 {[%emt 0:00:06]} Bxc3+ {[%emt 0:00:03]} 7. bxc3 {[%emt 0:00:01]} Nge7 {[%emt 0:00:01]} 8. Qf3 {[%emt 0:00:01]} Be6 {[%emt 0:00:02]} 9. Ne2 {[%emt 0:00:02]} Qd7 {[%emt 0:00:02]} 10. h3 {[%emt 0:00:01]} Bf5 {[%emt 0:00:07]} 11. Ng3 {[%emt 0:00:06]} Bxd3 {[%emt 0:00:05]} 12. cxd3 {[%emt 0:00:01]} Qe6+ {[%emt 0:00:21]} 13. Be3 {[%emt 0:00:03]} O-O-O {[%emt 0:00:03]} 14. O-O {[%emt 0:00:02]} f6 {[%emt 0:00:12]} 15. Rfe1 {[%emt 0:00:04]} Qd7 {[%emt 0:00:03]} 16. h4 {[%emt 0:00:04]} Rhf8 {[%emt 0:00:17]} 17. Re2 {[%emt 0:00:04]} g5 {[%emt 0:00:02]} 18. Qh5 {[%emt 0:00:20]} gxh4 {[%emt 0:00:07]} 19. Qxh4 {[%emt 0:00:02]} Nf5 {[%emt 0:00:02]} 20. Qh3 {[%emt 0:00:05]} Nxg3 {[%emt 0:00:07]} 21. Qxg3 {[%emt 0:00:01]} Rg8 {[%emt 0:00:01]} 22. Qf3 {[%emt 0:00:01]} Qg4 {[%emt 0:00:13]} 23. Qxg4+ {[%emt 0:00:01]} Rxg4 {[%emt 0:00:01]} 24. Rae1 {[%emt 0:00:03]} h5 {[%emt 0:00:02]} 25. f3 {[%emt 0:00:08]} Rg7 {[%emt 0:00:03]} 26. Bf4 {[%emt 0:00:03]} Kd7 {[%emt 0:00:02]} 27. Kf2 {[%emt 0:00:04]} Rdg8 {[%emt 0:00:02]} 28. g3 {[%emt 0:00:06]} h4 {[%emt 0:00:18]} 29. g4 {[%emt 0:00:02]} f5 {[%emt 0:00:08]} 30. gxf5 {[%emt 0:00:26]} Rf7 {[%emt 0:00:03]} 31. Rh1 {[%emt 0:00:09]} Rh8 {[%emt 0:00:09]} 32. Be5 {[%emt 0:00:26]} Nxe5 {[%emt 0:00:04]} 33. Rxe5 {[%emt 0:00:04]} c6 {[%emt 0:00:01]} 34. Rh3 {[%emt 0:00:06]} Rf6 {[%emt 0:00:03]} 35. Ke3 {[%emt 0:00:02]} Kd6 {[%emt 0:00:04]} 36. Kf4 {[%emt 0:00:01]} b5 {[%emt 0:00:03]} 37. Kg5 {[%emt 0:00:04]} Rfh6 {[%emt 0:00:01]} 38. Re6+ {[%emt 0:00:16]} Rxe6 {[%emt 0:00:02]} 39. fxe6 {[%emt 0:00:01]} Kxe6 {[%emt 0:00:00]} 40. Rxh4 {[%emt 0:00:01]} Rg8+ {[%emt 0:00:02]} 41. Kf4 {[%emt 0:00:02]} Rg1 {[%emt 0:00:07]} 42. Rh6+ {[%emt 0:00:03]} Kd7 {[%emt 0:00:01]} 43. Rh7+ {[%emt 0:00:01]} Kd6 {[%emt 0:00:01]} 44. Rh6+ {[%emt 0:00:12]} Kd7 {[%emt 0:00:01]} 45. Kf5 {[%emt 0:00:09]} Rc1 {[%emt 0:00:07]} 46. Rh7+ {[%emt 0:00:03]} Kd6 {[%emt 0:00:01]} 47. Rh6+ {[%emt 0:00:10]} Kd7 {[%emt 0:00:01]} 48. Ke5 {[%emt 0:00:01]} Rxc3 {[%emt 0:00:02]} 49. Rh7+ {[%emt 0:00:01]} Ke8 {[%emt 0:00:08]} 50. Rxa7 {[%emt 0:00:04]} Rxd3 {[%emt 0:00:01]} 51. f4 {[%emt 0:00:01]} Re3+ {[%emt 0:00:03]} 52. Kd6 {[%emt 0:00:08]} Re4 {[%emt 0:00:04]} 53. f5 {[%emt 0:00:02]} Rxd4 {[%emt 0:00:02]} 54. Kxc6 {[%emt 0:00:07]} b4 {[%emt 0:00:06]} 55. a4 {[%emt 0:00:10]} b3 {[%emt 0:00:01]} 56. Rb7 {[%emt 0:00:04]} Rxa4 {[%emt 0:00:02]} 57. Kxd5 {[%emt 0:00:02]} Ra5+ {[%emt 0:00:05]} 58. Ke6 {[%emt 0:00:01]} Ra6+ {[%emt 0:00:01]} 59. Ke5 {[%emt 0:00:01]} Ra5+ {[%emt 0:00:01]} 60. Kf4 {[%emt 0:00:01]} Ra6 {[%emt 0:00:09]} 61. Kg5 {[%emt 0:00:01]} Kf8 {[%emt 0:00:05]} 62. Rxb3 {[%emt 0:00:04]} Rc6 {[%emt 0:00:03]} 63. Rb7 {[%emt 0:00:01]} Ra6 {[%emt 0:00:02]} 64. f6 {[%emt 0:00:01]} Ra1 {[%emt 0:00:02]} 65. Kg6 {[%emt 0:00:01]} Rg1+ {[%emt 0:00:01]} 66. Kf5 {[%emt 0:00:01]} Rf1+ {[%emt 0:00:01]} 67. Kg6 {[%emt 0:00:01]} Rg1+ {[%emt 0:00:01]} 68. Kf5 {[%emt 0:00:01]} Rf1+ {[%emt 0:00:01]} 69. Kg6 {[%emt 0:00:01]} Rg1+ {[%emt 0:00:01] Threefold Rep} 1/2-1/2

[Event "Silkway Cup"]
[Site "T#646345FIDE"]
[Date "2020.05.28"]
[Round "10"]
[White "KTsa"]
[Black "Atesh"]
[Result "0-1"]
[WhiteElo "1726"]
[BlackElo "1649"]
[Annotator "NA"]
[PlyCount "82"]
[EventDate "2020.05.28"]
[EventType "swiss (blitz)"]

1. d4 {[%emt 0:00:03]} d5 {[%emt 0:00:02]} 2. Nf3 {[%emt 0:00:01]} Nf6 {[%emt 0:00:02]} 3. c4 {[%emt 0:00:03]} c6 {[%emt 0:00:01]} 4. e3 {[%emt 0:00:02]} Bf5 {[%emt 0:00:02]} 5. Nc3 {[%emt 0:00:04]} e6 {[%emt 0:00:02]} 6. Be2 {[%emt 0:00:01]} Nbd7 {[%emt 0:00:02]} 7. O-O {[%emt 0:00:01]} h6 {[%emt 0:00:02]} 8. b3 {[%emt 0:00:01]} Bd6 {[%emt 0:00:04]} 9. Bb2 {[%emt 0:00:01]} O-O {[%emt 0:00:01]} 10. h3 {[%emt 0:00:11]} Qe7 {[%emt 0:00:02]} 11. Rc1 {[%emt 0:00:07]} Rfd8 {[%emt 0:00:05]} 12. cxd5 {[%emt 0:00:24]} cxd5 {[%emt 0:00:14]} 13. Nb5 {[%emt 0:00:04]} Bb4 {[%emt 0:00:01]} 14. a3 {[%emt 0:00:29]} Ba5 {[%emt 0:00:02]} 15. b4 {[%emt 0:00:02]} Bb6 {[%emt 0:00:01]} 16. Ne5 {[%emt 0:00:06]} Rdc8 {[%emt 0:00:16]} 17. Nc3 {[%emt 0:00:08]} Nxe5 {[%emt 0:00:11]} 18. dxe5 {[%emt 0:00:01]} Nd7 {[%emt 0:00:03]} 19. Nb5 {[%emt 0:00:12]} Bg6 {[%emt 0:00:33]} 20. Nd6 {[%emt 0:00:04]} Rxc1 {[%emt 0:00:03]} 21. Qxc1 {[%emt 0:00:00]} f6 {[%emt 0:00:13]} 22. Nxb7 {[%emt 0:01:02]} Nxe5 {[%emt 0:00:14]} 23. Bxe5 {[%emt 0:00:05]} fxe5 {[%emt 0:00:01]} 24. Na5 {[%emt 0:00:14]} d4 {[%emt 0:00:21]} 25. Nc6 {[%emt 0:00:04]} Qd6 {[%emt 0:00:08]} 26. exd4 {[%emt 0:00:07]} exd4 {[%emt 0:00:02]} 27. Bf3 {[%emt 0:00:05]} Rf8 {[%emt 0:00:07]} 28. Bg4 {[%emt 0:00:05]} d3 {[%emt 0:00:07]} 29. Qc3 {[%emt 0:00:03]} Kh7 {[%emt 0:00:08]} 30. b5 {[%emt 0:00:03]} d2 {[%emt 0:00:03]} 31. Qe5 {[%emt 0:00:03]} Qd3 {[%emt 0:00:16]} 32. Be2 {[%emt 0:00:03]} Qf5 {[%emt 0:00:16]} 33. Qxf5 {[%emt 0:00:01]} Rxf5 {[%emt 0:00:03]} 34. a4 {[%emt 0:00:01]} Rc5 {[%emt 0:00:02]} 35. g4 {[%emt 0:00:01]} Rc1 {[%emt 0:00:02]} 36. Kg2 {[%emt 0:00:01]} Bc2 {[%emt 0:00:03]} 37. Nb4 {[%emt 0:00:04]} Rxf1 {[%emt 0:00:04]} 38. Kxf1 {[%emt 0:00:01]} d1=Q+ {[%emt 0:00:02]} 39. Bxd1 {[%emt 0:00:01]} Bxd1 {[%emt 0:00:01]} 40. Nc6 {[%emt 0:00:00]} Bxa4 {[%emt 0:00:01]} 41. Kg2 {[%emt 0:00:01]} Bxb5 {[%emt 0:00:01] Time (Lag: Av=0.53s, max=1.1s)} 0-1